A Szegedi Kereskedelmi és Iparbank 1929. évi üzleti jelentése
Elmentve itt :
| Dokumentumtípus: | Cikk |
|---|---|
| Megjelent: |
1930-02-16
|
| Sorozat: | Délmagyarország
6 No. 39 |
| Kulcsszavak: | Szegedi Kereskedelmi és Iparbank |
| Online Access: | http://dmarchiv.bibl.u-szeged.hu/47178 |
| LEADER | 00453nab a2200145 i 4500 | ||
|---|---|---|---|
| 001 | delm47178 | ||
| 005 | 20180927134927.0 | ||
| 008 | 180927s1930 hu o 0|| hun d | ||
| 040 | |a SZTE Délmagyarország Archívum |b hun | ||
| 041 | |a hun | ||
| 245 | 0 | 2 | |a A Szegedi Kereskedelmi és Iparbank 1929. évi üzleti jelentése |h [elektronikus dokumentum] |
| 260 | |c 1930-02-16 | ||
| 300 | |a 16 | ||
| 490 | 0 | |a Délmagyarország |v 6 No. 39 | |
| 695 | |a Szegedi Kereskedelmi és Iparbank | ||